Highly-Skilled Migration: Between Settlement and Mobility (Record no. 32549)

MARC details
000 -LEADER
fixed length control field 01062nam a2200121Ia 4500
008 - FIXED-LENGTH DATA ELEMENTS--GENERAL INFORMATION
fixed length control field 220620s9999||||xx |||||||||||||| ||und||
100 ## - MAIN ENTRY--PERSONAL NAME
Personal name Weinar, Agnieszka||Klekowski von Koppenfels, Amanda
245 #0 - TITLE STATEMENT
Title Highly-Skilled Migration: Between Settlement and Mobility
Remainder of title IMISCOE Short Reader
546 ## - LANGUAGE NOTE
Language note English[eng]
650 ## - SUBJECT ADDED ENTRY--TOPICAL TERM
Topical term or geographic name entry element Social Sciences, general||Population Economics||Political Science||Human Geography||Sociology of Migration||Open access||Expatriates||Lifestyle migrants||Cosmopolitans||Eurostars||Elite migrants||Knowledge migrants||Low-skilled migrants||International student migration||Migration and integration||Migration and labour market||Settlement and mobility||Transatlantic migrations||Brain flows||Highly skilled migration||Labour market integration||Freedom of movement||Talent mobility||Society & Social Sciences||Sociology||Political economy||Population & demography||Political science & theory||Human geography
856 ## - ELECTRONIC LOCATION AND ACCESS
Uniform Resource Identifier <a href="https://library.oapen.org/bitstream/20.500.12657/39534/1/2020_Book_Highly-SkilledMigrationBetween.pdf">https://library.oapen.org/bitstream/20.500.12657/39534/1/2020_Book_Highly-SkilledMigrationBetween.pdf</a>
942 ## - ADDED ENTRY ELEMENTS (KOHA)
Koha item type E-Books
Holdings
Withdrawn status Lost status Damaged status Not for loan Home library Current library Date acquired Total Checkouts Date last seen Price effective from Koha item type
        Kerala University of Digital Sciences, Innovation and Technology Knowledge Centre Kerala University of Digital Sciences, Innovation and Technology Knowledge Centre 20/06/2022   20/06/2022 20/06/2022 E-Books